MP to prune hedge horrors (Record no. 65627)
[ view plain ]
| 000 -LEADER | |
|---|---|
| fixed length control field | 00960cam a2200217 4500 |
| 001 - CONTROL NUMBER | |
| control field | WB3701-02 |
| 008 - FIXED-LENGTH DATA ELEMENTS--GENERAL INFORMATION | |
| fixed length control field | 000000n2000 000 0 eng u |
| 035 ## - SYSTEM CONTROL NUMBER | |
| System control number | (Sirsi) u110023 |
| 245 ## - TITLE STATEMENT | |
| Title | MP to prune hedge horrors |
| 260 ## - PUBLICATION, DISTRIBUTION, ETC. | |
| Date of publication, distribution, etc. | 2000 |
| 490 ## - SERIES STATEMENT | |
| Series statement | Birmingham Post |
| Volume/sequential designation | 21 December 2000, 1(1) |
| 520 ## - SUMMARY, ETC. | |
| Summary, etc. | John Taylor, MP for Solihull, is to introduce a Private Member's Bill which may impose a maximum height restriction of two metres on hedges as well as giving local authorities the power to intervene if mediation between neighbours fails. The government unveiled similar proposals in a Green Paper in August and promised to bring in legislation if it could find parliamentary time. |
| 590 ## - LOCAL NOTE (RLIN) | |
| Local note | WB |
| 650 ## - SUBJECT ADDED ENTRY--TOPICAL TERM | |
| Topical term or geographic name entry element | HEDGEROWS |
| 650 ## - SUBJECT ADDED ENTRY--TOPICAL TERM | |
| Topical term or geographic name entry element | LEYLANDII HEDGES |
| 650 ## - SUBJECT ADDED ENTRY--TOPICAL TERM | |
| Topical term or geographic name entry element | NEIGHBOUR DISPUTES |
| 650 ## - SUBJECT ADDED ENTRY--TOPICAL TERM | |
| Topical term or geographic name entry element | CONTROL OF HEDGEROWS IN RESIDENTIAL AREAS BILL |
| 650 ## - SUBJECT ADDED ENTRY--TOPICAL TERM | |
| Topical term or geographic name entry element | HIGH HEDGES: POSSIBLE SOLUTIONS |
| 690 ## - LOCAL SUBJECT ADDED ENTRY--TOPICAL TERM (OCLC, RLIN) | |
| Topical term or geographic name as entry element | Boundary disputes |
| 9 (RLIN) | 6221 |
| 942 ## - ADDED ENTRY ELEMENTS (KOHA) | |
| Suppress in OPAC | 0 |
| Withdrawn status | Lost status | Source of classification or shelving scheme | Damaged status | Not for loan | Home library | Current library | Shelving location | Date acquired | Total Checkouts | Full call number | Barcode | Date last seen | Copy number | Price effective from | Koha item type |
|---|---|---|---|---|---|---|---|---|---|---|---|---|---|---|---|
| Dewey Decimal Classification | London | London | News article | 21/12/2000 | WB3701-02 | 110023-1001 | 06/08/2019 | 1 | 06/08/2019 | News article |